Представление документа в формате MARC21

Поле Инд. ПП Название Значение
Тип записи a
Библиографический уровень b
001 Контрольный номер RU/IS/BASE/253197513
005 Дата корректировки 20200630193202.0
008 Кодируемые данные 20080109
040 b Код языка каталог. rus
e Правила каталог. PSBO
041 0_ a Код языка текста rus
084 a Индекс другой классификации/Индекс ББК 60.546(2Рос-4Каг)
100 1_ a Автор Берендеев М. В.
q Полное имя Берендеев Михаил Владимирович
245 10 a Заглавие Постсоветская региональная идентичность социума Калининградской области: проблема формирования и измерения
504 a Библиография Библиогр. ссылки
650 a Основная рубрика социология
653 a Ключевые слова Калининградская область
a Ключевые слова регионализм
a Ключевые слова региональная идентичность
a Ключевые слова регионы России
a Ключевые слова российское общество
a Ключевые слова Россия
a Ключевые слова социальная идентичность
a Ключевые слова социально-экономическое развитие
a Ключевые слова территориальные общности
a Ключевые слова уровень жизни
773 0_ t Заглавие источника Вестник Московского университета. Серия 18, Социология и политология
d Дата издания источника 2007
g Прочая информация № 3. - С. 29 - 42
w Контрольный № источника RU/IS/BASE/250005829
901 t Тип документа b